Polybe
Збережено в:
| Автор: | |
|---|---|
| Формат: | Книга |
| Мова: | Німецька Англійська Французька Італійська мова |
| Опубліковано: |
Ginebra
Fundation Hardt
1974
|
| Серія: | Entretiens Sur l'Antiquité Classique,
20 |
| Предмети: | |
| Теги: |
Додати тег
Немає тегів, Будьте першим, хто поставить тег для цього запису!
|
MARC
| LEADER | 00000nam a2200000 a 4500 | ||
|---|---|---|---|
| 001 | UCO2259 | ||
| 003 | CL-VaPUC | ||
| 005 | 20211029131254.0 | ||
| 008 | 000602e19740000SZ |||||||||||||||||ger|d | ||
| 999 | |c 288796 |d 288794 | ||
| 040 | |c Pontificia Universidad Católica de Valparaíso | ||
| 041 | 0 | 7 | |a ger |2 CL-VaPUC |
| 041 | 0 | 7 | |a eng |2 CL-VaPUC |
| 041 | 0 | 7 | |a fre |2 CL-VaPUC |
| 041 | 0 | 7 | |a ita |2 CL-VaPUC |
| 082 | 0 | 4 | |a 937 REV 1974 |2 21 |
| 100 | 0 | |a Reverdin, Oliver |e author |9 445248 | |
| 245 | 1 | 0 | |a Polybe |
| 260 | |a Ginebra |b Fundation Hardt |c 1974 | ||
| 300 | |a 397 páginas | ||
| 490 | 0 | |a Entretiens Sur l'Antiquité Classique, |v 20 | |
| 583 | |a last modification |c 20000602 00:00:00 |k Rodrigo Vera | ||
| 600 | 0 | |a Polibio |e Historiador |9 316341 | |
| 650 | 0 | |a Historiadores |9 314498 | |
| 650 | 0 | |a Historiografía |9 257871 | |
| 650 | 0 | |a Historia de Roma |9 315349 | |
| 650 | 0 | |a Historia de Grecia |9 267917 | |
| 651 | 0 | |a Roma |9 255106 | |
| 651 | 0 | |a Grecia |9 265314 | |
| 942 | |c BK |2 ddc | ||
| 945 | |d 20000602 00:00:00 |a rherrera | ||
| 952 | |0 0 |1 0 |4 0 |6 937_000000000000000_REV_1974 |7 0 |8 X |9 336719 |a BIBHIS |b BIBHIS |d 2019-11-20 |i 1284150 |l 3 |m 5 |o 937 REV 1974 |p 1284150 |r 2025-03-21 |s 2024-05-10 |w 2019-11-20 |y BK_X |k HIS | ||